Study on farmer's pesticide use on dry season rice in samraong commune, prey chhor district, kampong cham province, សិក្សាអំពីការប្រើប្រាស់ថ្នាំកសិកម្មរបស់កសិករលើដំណាំស្រូវប្រាំងក្នុងឃុំរោង ស្រុកព្រៃឈរ ខេត្តកំពង់ចាម (Record no. 8067)

000 -LEADER
fixed length control field 00798nam a22001577a 4500
003 - CONTROL NUMBER IDENTIFIER
control field OSt
005 - DATE AND TIME OF LATEST TRANSACTION
control field 20160615094419.0
008 - FIXED-LENGTH DATA ELEMENTS--GENERAL INFORMATION
fixed length control field 160615b xxu||||| |||| 00| 0 eng d
040 ## - CATALOGING SOURCE
Transcribing agency RUA
082 ## - DEWEY DECIMAL CLASSIFICATION NUMBER
Classification number AGR RET 2013 B474 Or.1
100 ## - MAIN ENTRY--PERSONAL NAME
9 (RLIN) 8422
Personal name RET RATHA; រ៉េត រដ្ឋា
245 ## - TITLE STATEMENT
Title Study on farmer's pesticide use on dry season rice in samraong commune, prey chhor district, kampong cham province, សិក្សាអំពីការប្រើប្រាស់ថ្នាំកសិកម្មរបស់កសិករលើដំណាំស្រូវប្រាំងក្នុងឃុំរោង ស្រុកព្រៃឈរ ខេត្តកំពង់ចាម
260 ## - PUBLICATION, DISTRIBUTION, ETC. (IMPRINT)
Place of publication, distribution, etc. Phnom penh
Name of publisher, distributor, etc. RUA
Date of publication, distribution, etc. 2013
300 ## - PHYSICAL DESCRIPTION
Extent xi,42p.
Other physical details ill.
Dimensions 29cm.
942 ## - ADDED ENTRY ELEMENTS (KOHA)
Source of classification or shelving scheme
Koha item type AGR
Holdings
Price effective from Date last seen Permanent Location Not for loan Date acquired Source of classification or shelving scheme Koha item type Lost status Withdrawn status Date last checked out Total Checkouts Shelving location Damaged status Barcode Current Location Full call number
2016-06-152016-06-15Library Block B 2016-06-15 AGR    B474 RUA057841Library Block BAGR RET 2013 B474 Or.1
2016-06-152025-11-12Library Block B 2016-06-15 AGR  2025-11-073B474 RUA057745Library Block BAGR RET 2013 B474 Or.2
2016-06-152016-06-15Library Block B 2016-06-15 AGR    B474 RUA057785Library Block BAGR RET 2013 B474 Or.3
2016-06-152016-06-15Library Block B 2016-06-15 AGR    B474 RUA058024Library Block BAGR RET 2013 B474 Or.4
2016-06-152016-11-22Library Block B 2016-06-15 AGR  2016-10-112B474 RUA057964Library Block BAGR RET 2013 B474 Or.5
2016-06-152016-09-15Library Block B 2016-06-15 AGR    B474 RUA057697Library Block BAGR RET 2013 B474 Or.6
2016-06-152017-10-17Library Block B 2016-06-15 AGR  2017-10-132B474 RUA057458Library Block BAGR RET 2013 B474 Or.7
2016-06-152024-09-03Library Block B 2016-06-15 AGR  2024-07-221B474 RUA057698Library Block BAGR RET 2013 B474 Or.8
2021-09-292025-12-12Library Block B 2021-09-29 AGR  2025-11-1113B642 a09847Library Block BAGR RET 2013 B642 Or.1
2021-09-292024-12-04Library Block B 2021-09-29 AGR  2024-11-193B642 a10292Library Block BAGR RET 2013 B642 Or.1
មជ្ឈមណ្ឌលឯការនៃសាកលវិទ្យាល័យភូមិន្ទកសិកម្មចំការដូង

Powered by Koha